| 000 | 00627nam a22001937a 4500 | ||
|---|---|---|---|
| 005 | 20130822163003.0 | ||
| 008 | 130822b2012 ck ||||| |||| 00| 0 spa d | ||
| 020 | _a9789588370316 | ||
| 041 | _aspa | ||
| 044 | _ack | ||
| 082 |
_a591.5 _bS61p |
||
| 245 | 0 | 0 | _aPlan de conservación y manejo del Tucán Piquinegro (Andigena nigritostris) |
| 260 |
_aPereira : _bSIRAP _bCARDER _c2012 |
||
| 300 |
_a49 p. _bil., mapas, gráficos _c28 cm. |
||
| 650 |
_aConservación de la vida silvestre _zColombia _91430 |
||
| 650 |
_aEspecies en peligro _zColombia _96 |
||
| 650 |
_aProtección de animales _zColombia _91854 |
||
| 942 |
_2ddc _cImpreso |
||
| 999 |
_c7619 _d7619 |
||